000 00773nam a2200229 a 4500
001 000003726
005 20240510073816.0
008 090713s1997 mx 001 0 spa d
020 _a9706511121
040 _aDO-SdBNP
_bspa
_cBNPHU
082 _a121
_bH587t
100 1 _aHessen, Johannes
_d1889-1971
_94601
245 1 0 _aTeoría del conocimiento /
_cJohannes Hessen ; traducción José Gaos.
260 _aMéxico :
_bLozada,
_c1997.
300 _a169 p. ;
_c18 cm.
500 _aLa biblioteca posee la 5ª reimpresión de 1997
500 _aIncluye referencias bibliográficas y notas al pie de las páginas
650 4 _aTeoría del conocimiento
_913
650 0 _aFilosofía
_9813
700 1 2 _aGaos, José,
_etr.
_911342
910 _aValidado. Control de calidad MF
999 _c3548
_d3548